000 01156nam a2200241Ia 4500
999 _c38867
_d38867
001 5280
003 GE_BSU
005 20190602004927.0
008 181216s1990||||ge |||||||||||||| ||geo||
040 _cGE_BSU
041 _ageo
080 _a004.43(076.5) ა-80
100 _aნ. ართმელაძე
_91950
245 _aგამოთვლის მეთოდებისა და პროგრამირების პრაქტიკული სახ-ლო :
_bსახელმძღვ. /
_cნ. ართმელაძე, თ. კოხია, ო. მელაძე ; რედ. რ. დანელია.
264 _aთბილისი :
_bგანათლება,
_c1990.
300 _a348 გვ. ;
_c22 სმ.
504 _aბიბლიოგრ. გვ.347.
653 _aგამოთვლის მეთოდები და პროგრამირება
700 _aკოხია, თ.
_eავტორი
_91951
700 _aმელაძე, ო.
_eავტორი
_91952
700 _aდანელია, ო.
_eრედაქტორი
_91953
942 _cBK
_2udc